00215nam a2200085 4500082001500000245005200015260003500067300000700102490002000109 a631.87 GUI aGuide to Pollution Control in Fertilizer Plants aNew YorkbUnited Nationsc1977 a22 amonograph No. 9